[Event "España ch Universitario 2005"]
[Site "Granada ESP"]
[Date "2005.05.09"]
[Round "3.7"]
[White "San Emeterio Cabanes, Jose Luis"]
[Black "Cruz Alvarez de Ron, Dan"]
[Result "1/2-1/2"]
[WhiteElo "2401"]
[BlackElo "2185"]
[PlyCount "80"]
[EventDate "2005.05.09"]
[EventType "swiss"]
[EventRounds "9"]
[EventCountry "ESP"]
[Source "lmi"]
[SourceDate "2005.05.11"]

1. d4 e6 2. Nf3 Nf6 3. e3 b6 4. Bd3 Bb7 5. Qe2 c5 6. c3 d5 7. Nbd2 Nbd7 8. O-O
Bd6 9. e4 dxe4 10. Nxe4 Nxe4 11. Bxe4 Bxe4 12. Qxe4 O-O 13. Bg5 Be7 14. Bf4
cxd4 15. Nxd4 Nf6 16. Qe2 Qd5 17. Rad1 Qxa2 18. Nc6 Bc5 19. Be5 Qa4 20. Bxf6
gxf6 21. Nd4 Rfd8 22. Qg4+ Kh8 23. Qh4 Bxd4 24. cxd4 Qc2 25. Qxf6+ Kg8 26. d5
Rxd5 27. Rxd5 exd5 28. Qg5+ Qg6 29. Qxd5 Re8 30. Rc1 Qf6 31. Qd2 Rd8 32. Qc2
Qf4 33. h3 Rd2 34. Qc8+ Kg7 35. Qc3+ Kg6 36. Rf1 Qd6 37. Re1 Qf4 38. Rf1 Qd6
39. Re1 Qf4 40. Rf1 Qd6 1/2-1/2

[Event "España ch Universitario 2005"]
[Site "Granada ESP"]
[Date "2005.05.09"]
[Round "3.8"]
[White "Herraiz Hidalgo, Herminio"]
[Black "Kurajica, Mladen"]
[Result "0-1"]
[WhiteElo "2471"]
[BlackElo "2225"]
[PlyCount "88"]
[EventDate "2005.05.09"]
[EventType "swiss"]
[EventRounds "9"]
[EventCountry "ESP"]
[Source "lmi"]
[SourceDate "2005.05.11"]

1. d4 Nf6 2. c4 e6 3. Nc3 d5 4. Bg5 c6 5. e3 Nbd7 6. Nf3 Bb4 7. cxd5 exd5 8.
Bd3 O-O 9. Qc2 Be7 10. O-O Re8 11. a3 Nf8 12. b4 a6 13. Bxf6 Bxf6 14. Bf5 g6
15. Bxc8 Rxc8 16. Rab1 Nd7 17. a4 Bg7 18. Qd3 Ra8 19. b5 axb5 20. axb5 Ra3 21.
bxc6 bxc6 22. Ra1 Qa5 23. Rxa3 Qxa3 24. Qc2 Ra8 25. Rc1 Ra6 26. g3 Bf8 27. Rb1
Rb6 28. Rxb6 Nxb6 29. Nb1 Qd6 30. Nbd2 c5 31. dxc5 Qxc5 32. Qd3 h6 33. h4 Qa3
34. Qb5 Qc5 35. Qe8 Qe7 36. Qc6 Qd6 37. Qb7 Nc4 38. Nb3 Nxe3 39. Nbd4 Nc4 40.
h5 Ne5 41. Nh4 Bg7 42. hxg6 fxg6 43. f4 Qc5 44. Qxg7+ Kxg7 0-1

[Event "España ch Universitario 2005"]
[Site "Granada ESP"]
[Date "2005.05.09"]
[Round "3.9"]
[White "Gonzalez Somoza, Oliver"]
[Black "Fluvia Poyatos, Joan"]
[Result "1/2-1/2"]
[WhiteElo "2224"]
[BlackElo "2465"]
[PlyCount "95"]
[EventDate "2005.05.09"]
[EventType "swiss"]
[EventRounds "9"]
[EventCountry "ESP"]
[Source "lmi"]
[SourceDate "2005.05.11"]

1. e4 c5 2. d4 cxd4 3. Nf3 Nc6 4. Nxd4 Nf6 5. Nc3 e5 6. Ndb5 d6 7. Bg5 a6 8.
Na3 b5 9. Nd5 Be7 10. Bxf6 Bxf6 11. c3 Bg5 12. Nc2 O-O 13. Be2 Rb8 14. O-O g6
15. Nce3 f5 16. exf5 gxf5 17. f4 Bh6 18. Kh1 Be6 19. Bd3 Ne7 20. Bc2 Nxd5 21.
Nxd5 Rb7 22. Bb3 Kh8 23. Qh5 Bg7 24. Ne3 exf4 25. Rxf4 Be5 26. Rf3 Bxb3 27.
axb3 f4 28. Ng4 Rg7 29. Nxe5 dxe5 30. Qxe5 Qd2 31. g3 Qxb2 32. Rxa6 Rd8 33. Rd6
Ra8 34. Qxf4 Qxb3 35. Qf6 Qb1+ 36. Kg2 Qe4 37. Rd8+ Rxd8 38. Qxd8+ Rg8 39. Qd4+
Qxd4 40. cxd4 Rd8 41. Rd3 b4 42. Kf3 b3 43. Ke3 Rb8 44. Rd1 Kg7 45. Kd3 Kf6 46.
Re1 Kf5 47. Kc3 b2 48. Rb1 1/2-1/2

[Event "España ch Universitario 2005"]
[Site "Granada ESP"]
[Date "2005.05.09"]
[Round "3.10"]
[White "Camarena Gimenez, Rufino"]
[Black "Luna Cortes, Luis"]
[Result "1/2-1/2"]
[WhiteElo "2376"]
[BlackElo "2177"]
[PlyCount "104"]
[EventDate "2005.05.09"]
[EventType "swiss"]
[EventRounds "9"]
[EventCountry "ESP"]
[Source "lmi"]
[SourceDate "2005.05.11"]

1. e4 c5 2. Nc3 e6 3. g3 d6 4. Bg2 Nc6 5. d3 g6 6. Be3 Bg7 7. Qd2 Rb8 8. f4
Nge7 9. Nf3 Nd4 10. O-O O-O 11. Nh4 b5 12. Nd1 b4 13. c3 bxc3 14. bxc3 Ndc6 15.
f5 f6 16. g4 Ne5 17. Nf2 Bb7 18. Qe2 Qa5 19. c4 Qd8 20. Rab1 exf5 21. gxf5 g5
22. Nf3 N7c6 23. Nxe5 Nxe5 24. Rb3 Bc6 25. Rfb1 Rxb3 26. Rxb3 Qa5 27. Qd2 Qxd2
28. Bxd2 h5 29. Ba5 Rc8 30. Nd1 Ba4 31. Rb1 Nxd3 32. Nc3 Bc6 33. Nd5 Bxd5 34.
exd5 Ne5 35. Bf1 Nf3+ 36. Kf2 Nd4 37. Bd3 g4 38. Rb7 Bh6 39. Bc7 Bf4 40. Kg2
Nf3 41. Be2 Nh4+ 42. Kg1 Nxf5 43. Rxa7 Re8 44. Bd3 Nd4 45. Ra6 Nf3+ 46. Kf2
Bxh2 47. Bg6 Rc8 48. Bxd6 Bxd6 49. Rxd6 Ne5 50. Bxh5 Kg7 51. Kg3 Nxc4 52. Rd7+
Kh6 1/2-1/2

[Event "España ch Universitario 2005"]
[Site "Granada ESP"]
[Date "2005.05.10"]
[Round "4.1"]
[White "Baron Rodriguez, Jesus"]
[Black "Almagro Llanas, Pablo"]
[Result "1/2-1/2"]
[WhiteElo "2437"]
[BlackElo "2344"]
[PlyCount "23"]
[EventDate "2005.05.09"]
[EventType "swiss"]
[EventRounds "9"]
[EventCountry "ESP"]
[Source "lmi"]
[SourceDate "2005.05.11"]

1. e4 c6 2. d4 d5 3. exd5 cxd5 4. c4 Nf6 5. Nc3 Nc6 6. Nf3 Bg4 7. cxd5 Nxd5 8.
Qb3 Bxf3 9. gxf3 Nb6 10. Be3 e6 11. O-O-O Be7 12. d5 1/2-1/2

[Event "España ch Universitario 2005"]
[Site "Granada ESP"]
[Date "2005.05.10"]
[Round "4.2"]
[White "Kurajica, Mladen"]
[Black "Gonzalez de la Torre, Santiago"]
[Result "1/2-1/2"]
[WhiteElo "2225"]
[BlackElo "2357"]
[PlyCount "28"]
[EventDate "2005.05.09"]
[EventType "swiss"]
[EventRounds "9"]
[EventCountry "ESP"]
[Source "lmi"]
[SourceDate "2005.05.11"]

1. Nf3 d5 2. d4 Nf6 3. c4 c6 4. Nc3 e6 5. Bg5 dxc4 6. e4 b5 7. a4 b4 8. Nb1 Ba6
9. Be2 Be7 10. Bxf6 Bxf6 11. O-O O-O 12. e5 Be7 13. Qc2 c5 14. dxc5 Qc7 1/2-1/2

[Event "España ch Universitario 2005"]
[Site "Granada ESP"]
[Date "2005.05.10"]
[Round "4.3"]
[White "Cruz Alvarez de Ron, Dan"]
[Black "Camarena Gimenez, Rufino"]
[Result "1/2-1/2"]
[WhiteElo "2185"]
[BlackElo "2376"]
[PlyCount "21"]
[EventDate "2005.05.09"]
[EventType "swiss"]
[EventRounds "9"]
[EventCountry "ESP"]
[Source "lmi"]
[SourceDate "2005.05.11"]

1. e4 Nf6 2. Nc3 c5 3. Nf3 e6 4. d4 cxd4 5. Nxd4 Nc6 6. Ndb5 d6 7. Bf4 e5 8.
Bg5 a6 9. Na3 b5 10. Nd5 Be7 11. Bxf6 1/2-1/2

[Event "España ch Universitario 2005"]
[Site "Granada ESP"]
[Date "2005.05.10"]
[Round "4.4"]
[White "Garcia Lopez, Miguel Angel"]
[Black "San Emeterio Cabanes, Jose Luis"]
[Result "0-1"]
[WhiteElo "2189"]
[BlackElo "2401"]
[PlyCount "64"]
[EventDate "2005.05.09"]
[EventType "swiss"]
[EventRounds "9"]
[EventCountry "ESP"]
[Source "lmi"]
[SourceDate "2005.05.11"]

1. e4 c5 2. Nf3 Nc6 3. Bb5 g6 4. Bxc6 dxc6 5. d3 Bg7 6. Nc3 e5 7. Be3 b6 8. h3
Ne7 9. Qd2 h6 10. g4 Be6 11. b3 Qd7 12. Rg1 f6 13. Nh4 h5 14. g5 f5 15. exf5
gxf5 16. f3 O-O-O 17. O-O-O Nd5 18. Nxd5 cxd5 19. Bf2 f4 20. Kb1 Bxh3 21. c3
Bf5 22. Kb2 Kb7 23. d4 exd4 24. cxd4 c4 25. Qxf4 Rhf8 26. Qd2 c3+ 27. Qxc3 Rc8
28. Qe3 Rc2+ 29. Ka1 Re8 30. Qf4 Ree2 31. Qxf5 Rxa2+ 32. Kb1 Reb2+ 0-1

[Event "España ch Universitario 2005"]
[Site "Granada ESP"]
[Date "2005.05.10"]
[Round "4.5"]
[White "Perez Candelario, Manuel"]
[Black "Castro Acosta, Andres"]
[Result "1-0"]
[WhiteElo "2495"]
[BlackElo "2138"]
[PlyCount "69"]
[EventDate "2005.05.09"]
[EventType "swiss"]
[EventRounds "9"]
[EventCountry "ESP"]
[Source "lmi"]
[SourceDate "2005.05.11"]

1. e4 e5 2. Nf3 Nc6 3. Bb5 a6 4. Ba4 Nf6 5. d3 d6 6. c3 g6 7. O-O Bg7 8. Re1
O-O 9. Nbd2 Nd7 10. Bxc6 bxc6 11. d4 c5 12. dxe5 Nxe5 13. Nxe5 Bxe5 14. Nf3 Bg4
15. h3 Bxf3 16. Qxf3 Rb8 17. Re2 Qd7 18. a4 Qc6 19. Qd3 Rfe8 20. Qc4 Bg7 21.
Bf4 Rb6 22. Rd1 Qb7 23. Bc1 Qa8 24. f4 Qc8 25. f5 Be5 26. Rf1 Qd7 27. Ref2 Rf8
28. h4 Kg7 29. h5 f6 30. h6+ Kh8 31. Bg5 Qe7 32. Qe6 Re8 33. Qxe7 Rxe7 34. fxg6
hxg6 35. Rxf6 1-0

[Event "España ch Universitario 2005"]
[Site "Granada ESP"]
[Date "2005.05.10"]
[Round "4.6"]
[White "Fluvia Poyatos, Jordi"]
[Black "Mayans Calvo, Mariano"]
[Result "1-0"]
[WhiteElo "2399"]
[BlackElo "2179"]
[PlyCount "73"]
[EventDate "2005.05.09"]
[EventType "swiss"]
[EventRounds "9"]
[EventCountry "ESP"]
[Source "lmi"]
[SourceDate "2005.05.11"]

1. e4 e6 2. d4 d5 3. e5 c5 4. c3 Nc6 5. Nf3 Qb6 6. a3 c4 7. Nbd2 Na5 8. g3 Bd7
9. h4 Qc6 10. Rb1 Qa4 11. Be2 Ne7 12. Kf1 Qxd1+ 13. Bxd1 Nc8 14. h5 h6 15. Ne1
Nb6 16. f4 Ba4 17. Bg4 Rc8 18. Kg2 Bb3 19. Rf1 Rc6 20. Rf2 Be7 21. f5 exf5 22.
Bxf5 Na4 23. Nxb3 Nxb3 24. Bc2 Rb6 25. Be3 O-O 26. Nf3 Rc8 27. Ng1 Rb5 28. Ne2
Rc6 29. Nc1 Bxa3 30. Nxb3 Bxb2 31. Na5 Nxc3 32. Rxb2 Rxa5 33. Rxb7 f6 34. Bg6
Rb6 35. Rc7 Rb8 36. exf6 Nd1 37. Rxg7+ 1-0

[Event "España ch Universitario 2005"]
[Site "Granada ESP"]
[Date "2005.05.10"]
[Round "4.7"]
[White "Fluvia Poyatos, Joan"]
[Black "Fraga Castro, Jose Carlos"]
[Result "1-0"]
[WhiteElo "2465"]
[BlackElo "2185"]
[PlyCount "85"]
[EventDate "2005.05.09"]
[EventType "swiss"]
[EventRounds "9"]
[EventCountry "ESP"]
[Source "lmi"]
[SourceDate "2005.05.11"]

1. e4 e5 2. Nf3 Nc6 3. Bb5 Bc5 4. O-O Nd4 5. Nxd4 Bxd4 6. c3 Bb6 7. d4 c6 8.
Ba4 d6 9. Na3 Nf6 10. Bg5 h6 11. Bxf6 Qxf6 12. d5 Bd7 13. Qd3 O-O 14. Rad1 Bg4
15. Rd2 c5 16. Bd1 Bd7 17. Nc2 Qg6 18. Ne3 Qg5 19. g3 Bh3 20. Re1 g6 21. Nc4
Bc7 22. Qe3 b5 23. Na3 a6 24. g4 f5 25. Qxg5 hxg5 26. gxf5 gxf5 27. Re3 g4 28.
exf5 Rxf5 29. Bxg4 Bxg4 30. Rg3 Kf7 31. Rxg4 Bd8 32. Rd3 Rg5 33. Rdg3 Rxg4 34.
Rxg4 Bf6 35. Nc2 Rh8 36. Ne3 Rh5 37. Kg2 Bg5 38. Nf5 Bf4 39. Nxd6+ Ke7 40. Ne4
Rxh2+ 41. Kf3 c4 42. Rg7+ Kd8 43. Ra7 1-0

[Event "España ch Universitario 2005"]
[Site "Granada ESP"]
[Date "2005.05.10"]
[Round "4.8"]
[White "Alcazar Jimenez, Jesus"]
[Black "Ibarra Jerez, Jose Carlos"]
[Result "1/2-1/2"]
[WhiteElo "2316"]
[BlackElo "2435"]
[PlyCount "96"]
[EventDate "2005.05.09"]
[EventType "swiss"]
[EventRounds "9"]
[EventCountry "ESP"]
[Source "lmi"]
[SourceDate "2005.05.11"]

1. e4 c5 2. Nf3 e6 3. b3 b6 4. Bb2 Bb7 5. d3 d6 6. Be2 Nf6 7. O-O Be7 8. Nbd2
O-O 9. Ng5 Nfd7 10. Nh3 Bf6 11. c3 b5 12. Qc2 Nc6 13. f4 b4 14. Nf3 bxc3 15.
Bxc3 Rc8 16. g4 Qb6 17. Kh1 Bxc3 18. Qxc3 Qb4 19. Qb2 d5 20. a3 Qb6 21. Nf2 Na5
22. Rab1 dxe4 23. dxe4 Nf6 24. Qe5 Qc7 25. Bd3 Qxe5 26. Nxe5 Rfd8 27. Rfe1 Rd4
28. b4 cxb4 29. Rxb4 Rxb4 30. axb4 Nc6 31. Nxc6 Rxc6 32. Kg2 h6 33. Kf3 g5 34.
fxg5 hxg5 35. Ra1 a6 36. Ra5 Nh7 37. b5 axb5 38. Rxb5 Ba6 39. Ra5 Bxd3 40. Nxd3
Rc3 41. Ke3 Rc2 42. Ne5 Rc7 43. Nf3 f6 44. e5 Kf7 45. h3 Rc3+ 46. Kf2 Rc7 47.
exf6 Kxf6 48. Nd2 Rc2 1/2-1/2

[Event "España ch Universitario 2005"]
[Site "Granada ESP"]
[Date "2005.05.10"]
[Round "4.9"]
[White "Andres Gonzalez, Ivan"]
[Black "Franco Alonso, Alejandro"]
[Result "1-0"]
[WhiteElo "2314"]
[BlackElo "2387"]
[PlyCount "95"]
[EventDate "2005.05.09"]
[EventType "swiss"]
[EventRounds "9"]
[EventCountry "ESP"]
[Source "lmi"]
[SourceDate "2005.05.11"]

1. d4 Nf6 2. Nf3 e6 3. g3 c5 4. Bg2 d5 5. O-O Nc6 6. c4 dxc4 7. Qa4 Bd7 8. Qxc4
cxd4 9. Nxd4 Rc8 10. Nc3 Nxd4 11. Qxd4 Bc5 12. Qh4 Bc6 13. Bg5 Qd4 14. Bxf6
Qxf6 15. Bxc6+ Rxc6 16. Qa4 O-O 17. e3 a6 18. Rad1 Qe7 19. Rd3 Rd6 20. Rfd1
Rfd8 21. Qe4 Rxd3 22. Rxd3 Rxd3 23. Qxd3 h6 24. Ne4 Bb6 25. Qd6 Bd8 26. Qb8 Kh7
27. Qc8 Bb6 28. Qc2 f5 29. Nc3 Qd6 30. Qb3 Qc6 31. Ne2 Bc5 32. Nf4 e5 33. Nd3
e4 34. Nf4 Qd7 35. Kg2 Bf8 36. h4 g6 37. Qb6 Qf7 38. b3 Bg7 39. h5 gxh5 40. Qd6
h4 41. gxh4 Qf6 42. Qd7 b5 43. Kh3 Kg8 44. Nd5 Qa1 45. Qe6+ Kh8 46. Qc8+ Kh7
47. Qxf5+ Kg8 48. Ne7+ 1-0

[Event "España ch Universitario 2005"]
[Site "Granada ESP"]
[Date "2005.05.10"]
[Round "4.10"]
[White "Llanes Hurtado, Miguel"]
[Black "Gonzalez Somoza, Oliver"]
[Result "1-0"]
[WhiteElo "2409"]
[BlackElo "2224"]
[PlyCount "101"]
[EventDate "2005.05.09"]
[EventType "swiss"]
[EventRounds "9"]
[EventCountry "ESP"]
[Source "lmi"]
[SourceDate "2005.05.11"]

1. d4 f5 2. g3 g6 3. Bg2 Bg7 4. c4 Nf6 5. Nf3 O-O 6. b4 a5 7. b5 c5 8. Bb2 d5
9. dxc5 dxc4 10. Qc2 Qd5 11. Bd4 Ne4 12. Nc3 Nxc3 13. Qxc3 Bxd4 14. Qxd4 Qxd4
15. Nxd4 e5 16. Nc2 Nd7 17. c6 bxc6 18. Bxc6 Rb8 19. Ne3 Nb6 20. O-O Be6 21.
Rfd1 Rfd8 22. f4 e4 23. Kf2 Kf7 24. h3 Ke7 25. Nc2 c3 26. Nd4 Bc4 27. e3 Na4
28. Rdc1 Rd6 29. g4 Kf6 30. b6 Nxb6 31. Rxc3 Bd3 32. gxf5 Nc4 33. Rb3 Rc8 34.
Bb7 Rcd8 35. Rc1 Rxd4 36. exd4 Rxd4 37. fxg6 hxg6 38. Ba6 e3+ 39. Kg3 e2 40.
Bxc4 Bxc4 41. Re3 Rd1 42. Rxc4 e1=Q+ 43. Rxe1 Rxe1 44. Ra4 Rg1+ 45. Kf2 Rh1 46.
Kg2 Rc1 47. Rxa5 Rc3 48. a4 Ra3 49. h4 Ke6 50. Re5+ Kf6 51. a5 1-0

[Event "España ch Universitario 2005"]
[Site "Granada ESP"]
[Date "2005.05.10"]
[Round "5.2"]
[White "Zurano Lopez, Pedro"]
[Black "Fluvia Poyatos, Joan"]
[Result "1/2-1/2"]
[WhiteElo "2292"]
[BlackElo "2465"]
[PlyCount "29"]
[EventDate "2005.05.09"]
[EventType "swiss"]
[EventRounds "9"]
[EventCountry "ESP"]
[Source "lmi"]
[SourceDate "2005.05.11"]

1. d4 Nf6 2. c4 e6 3. Nc3 Bb4 4. Bd2 b6 5. Nf3 Bb7 6. g3 Nc6 7. a3 Bxc3 8. Bxc3
d5 9. Bg2 Ne4 10. Qa4 O-O 11. O-O Qe8 12. Qc2 Nxc3 13. Qxc3 Na5 14. Nd2 dxc4
15. Bxb7 1/2-1/2

[Event "España ch Universitario 2005"]
[Site "Granada ESP"]
[Date "2005.05.10"]
[Round "5.3"]
[White "Herraiz Hidalgo, Herminio"]
[Black "Amigo Villalta, Jordi"]
[Result "1-0"]
[WhiteElo "2471"]
[BlackElo "2179"]
[PlyCount "43"]
[EventDate "2005.05.09"]
[EventType "swiss"]
[EventRounds "9"]
[EventCountry "ESP"]
[Source "lmi"]
[SourceDate "2005.05.11"]

1. d4 Nf6 2. c4 e6 3. Nc3 Bb4 4. Qc2 Bxc3+ 5. Qxc3 Ne4 6. Qc2 f5 7. e3 b6 8.
Nh3 Bb7 9. f3 Nf6 10. Be2 O-O 11. O-O d6 12. d5 exd5 13. Nf4 Qd7 14. cxd5 Na6
15. Rd1 Nb4 16. Qb1 Kh8 17. Bc4 Rfe8 18. a3 g5 19. axb4 gxf4 20. Qd3 Re7 21.
Qd4 Kg7 22. Qxf4 1-0

[Event "España ch Universitario 2005"]
[Site "Granada ESP"]
[Date "2005.05.10"]
[Round "5.4"]
[White "Ibarra Jerez, Jose Carlos"]
[Black "Fernandez Gil, Marco"]
[Result "1-0"]
[WhiteElo "2435"]
[BlackElo "2264"]
[PlyCount "79"]
[EventDate "2005.05.09"]
[EventType "swiss"]
[EventRounds "9"]
[EventCountry "ESP"]
[Source "lmi"]
[SourceDate "2005.05.11"]

1. e4 c5 2. Nf3 Nc6 3. d4 cxd4 4. Nxd4 e6 5. Nc3 d6 6. Be3 Nf6 7. f3 a6 8. Qd2
Qc7 9. O-O-O Ne5 10. Kb1 b5 11. Bd3 Bb7 12. Rhe1 Be7 13. g4 Nfd7 14. Qf2 Rc8
15. g5 b4 16. Nce2 O-O 17. h4 d5 18. exd5 Nxd3 19. cxd3 Bxd5 20. Nf4 Qa5 21.
Nxd5 Qxd5 22. f4 Bc5 23. h5 Rcd8 24. Nc2 b3 25. axb3 Bxe3 26. Nxe3 Qxb3 27. h6
Nc5 28. hxg7 Rfe8 29. Ng4 Ne4 30. Qc2 Qxc2+ 31. Kxc2 Nc5 32. Nf6+ Kxg7 33.
Nxe8+ Rxe8 34. d4 Nb7 35. d5 Rc8+ 36. Kb1 exd5 37. Re7 Nd6 38. Rxd5 Rc6 39. Rd7
Nc4 40. Rf5 1-0

[Event "España ch Universitario 2005"]
[Site "Granada ESP"]
[Date "2005.05.10"]
[Round "5.5"]
[White "San Emeterio Cabanes, Jose Luis"]
[Black "Piay Augusto, Diego"]
[Result "0-1"]
[WhiteElo "2401"]
[BlackElo "2248"]
[PlyCount "64"]
[EventDate "2005.05.09"]
[EventType "swiss"]
[EventRounds "9"]
[EventCountry "ESP"]
[Source "lmi"]
[SourceDate "2005.05.11"]

1. d4 Nf6 2. Bg5 e6 3. e4 d6 4. Nc3 c6 5. Qd2 Qa5 6. f4 h6 7. Bxf6 gxf6 8. Nf3
Nd7 9. O-O-O b5 10. Kb1 b4 11. Ne2 Rb8 12. Nc1 d5 13. exd5 cxd5 14. f5 Ba6 15.
fxe6 fxe6 16. Qe3 Qb6 17. Re1 Kf7 18. Bxa6 Qxa6 19. Rhf1 Rg8 20. Nd3 Re8 21.
Nfe5+ Nxe5 22. Nxe5+ Ke7 23. Rxf6 Bg7 24. Rf7+ Kd8 25. Qd3 Qxd3 26. Nc6+ Kc8
27. Nxa7+ Kd8 28. Nc6+ Kc8 29. cxd3 Bf8 30. Rc1 Rg7 31. Na7+ Kb8 32. Rc8+ Rxc8
0-1

[Event "España ch Universitario 2005"]
[Site "Granada ESP"]
[Date "2005.05.10"]
[Round "5.6"]
[White "Gonzalez de la Torre, Santiago"]
[Black "Prol Nogueira, Iago"]
[Result "1-0"]
[WhiteElo "2357"]
[BlackElo "2163"]
[PlyCount "59"]
[EventDate "2005.05.09"]
[EventType "swiss"]
[EventRounds "9"]
[EventCountry "ESP"]
[Source "lmi"]
[SourceDate "2005.05.11"]

1. e4 g6 2. d4 Bg7 3. Nc3 c6 4. Nf3 d6 5. Be3 Nf6 6. Bd3 b5 7. h3 O-O 8. Qd2
Nbd7 9. O-O e5 10. dxe5 dxe5 11. a4 b4 12. Ne2 Qe7 13. Ng3 Bb7 14. Rfe1 Rfd8
15. Bh6 Nf8 16. Bxg7 Kxg7 17. Qg5 Kh8 18. Qxe5 Ne6 19. Nh4 Re8 20. Nhf5 gxf5
21. exf5 Qd8 22. fxe6 Rxe6 23. Qf5 Qe7 24. Rxe6 Qxe6 25. Qxe6 fxe6 26. Re1 Re8
27. Bc4 Nd5 28. Ne4 Rd8 29. Ng5 Rd7 30. Rxe6 1-0

[Event "España ch Universitario 2005"]
[Site "Granada ESP"]
[Date "2005.05.10"]
[Round "5.7"]
[White "Andres Gonzalez, Ivan"]
[Black "Fluvia Poyatos, Jordi"]
[Result "1/2-1/2"]
[WhiteElo "2314"]
[BlackElo "2399"]
[PlyCount "79"]
[EventDate "2005.05.09"]
[EventType "swiss"]
[EventRounds "9"]
[EventCountry "ESP"]
[Source "lmi"]
[SourceDate "2005.05.11"]

1. d4 d5 2. Nf3 Nc6 3. g3 Bf5 4. Bg2 Nb4 5. Na3 e6 6. O-O Nf6 7. Ne5 Be7 8. c3
Na6 9. Qa4+ c6 10. Bg5 h6 11. Be3 Rc8 12. c4 O-O 13. c5 Ng4 14. Nxg4 Bxg4 15.
Rfe1 e5 16. dxe5 Qd7 17. Rac1 Rce8 18. Bd4 Nc7 19. e4 dxe4 20. Bxe4 Rd8 21. Be3
Qe6 22. Nc4 Nd5 23. Nd6 Kh8 24. Bd4 Rd7 25. f4 f5 26. exf6 Bxf6 27. Bf5 b5 28.
Bxe6 bxa4 29. Bxf6 Bxe6 30. Rxe6 Rxf6 31. Re8+ Kh7 32. Rc4 a3 33. bxa3 Nc7 34.
Rc8 Nb5 35. Nxb5 cxb5 36. Rc1 Rd2 37. f5 Rxf5 38. Rf1 Rxf1+ 39. Kxf1 Rxa2 40.
Rb8 1/2-1/2

[Event "España ch Universitario 2005"]
[Site "Granada ESP"]
[Date "2005.05.10"]
[Round "5.8"]
[White "Garrido Olivares, Ricard"]
[Black "Llanes Hurtado, Miguel"]
[Result "1/2-1/2"]
[WhiteElo "2136"]
[BlackElo "2409"]
[PlyCount "69"]
[EventDate "2005.05.09"]
[EventType "swiss"]
[EventRounds "9"]
[EventCountry "ESP"]
[Source "lmi"]
[SourceDate "2005.05.11"]

1. d4 g6 2. Nf3 Bg7 3. Nbd2 c5 4. c3 cxd4 5. cxd4 d5 6. e3 Nf6 7. Be2 O-O 8.
O-O Nc6 9. Nb1 Ne4 10. Bd2 b6 11. Nc3 Bb7 12. Qa4 a6 13. Rfc1 b5 14. Qd1 e5 15.
dxe5 Nxe5 16. Nxe5 Bxe5 17. Be1 d4 18. exd4 Qxd4 19. Bf3 Qxd1 20. Bxd1 Rac8 21.
Bf3 Nc5 22. Bxb7 Nxb7 23. Nd1 Nc5 24. Bb4 Nd3 25. Bxf8 Rxc1 26. Rxc1 Nxc1 27.
Bh6 Nxa2 28. Bd2 b4 29. Kf1 a5 30. Ke2 a4 31. Kd3 b3 32. Kc4 Kf8 33. Bb4+ Nxb4
34. Kxb4 Bd6+ 35. Kxa4 1/2-1/2

[Event "España ch Universitario 2005"]
[Site "Granada ESP"]
[Date "2005.05.10"]
[Round "5.9"]
[White "Perez Candelario, Manuel"]
[Black "Alcazar Jimenez, Jesus"]
[Result "1/2-1/2"]
[WhiteElo "2495"]
[BlackElo "2316"]
[PlyCount "63"]
[EventDate "2005.05.09"]
[EventType "swiss"]
[EventRounds "9"]
[EventCountry "ESP"]
[Source "lmi"]
[SourceDate "2005.05.11"]

1. e4 c5 2. Nf3 d6 3. d4 Nf6 4. Nc3 cxd4 5. Nxd4 a6 6. Be3 e5 7. Nf3 h6 8. a4
Nc6 9. Bc4 Be6 10. Nd2 d5 11. exd5 Nxd5 12. Nxd5 Bxd5 13. O-O Bxc4 14. Nxc4 Qh4
15. Nd6+ Bxd6 16. Qxd6 Qe7 17. Rad1 Rd8 18. Qc5 Qxc5 19. Bxc5 f6 20. Bb6 Rd7
21. c3 Ke7 22. Bc5+ Ke6 23. Rxd7 Kxd7 24. Rd1+ Kc7 25. f4 exf4 26. Bd6+ Kc8 27.
Bxf4 Re8 28. b4 g5 29. Bg3 Re3 30. b5 axb5 31. axb5 Ne5 32. Rd6 1/2-1/2

[Event "España ch Universitario 2005"]
[Site "Granada ESP"]
[Date "2005.05.10"]
[Round "5.10"]
[White "Almagro Llanas, Pablo"]
[Black "Kurajica, Mladen"]
[Result "1/2-1/2"]
[WhiteElo "2344"]
[BlackElo "2225"]
[PlyCount "63"]
[EventDate "2005.05.09"]
[EventType "swiss"]
[EventRounds "9"]
[EventCountry "ESP"]
[Source "lmi"]
[SourceDate "2005.05.11"]

1. e4 c5 2. Nf3 a6 3. Nc3 e6 4. d4 cxd4 5. Nxd4 Qc7 6. g3 Nc6 7. Bg2 d6 8. O-O
Bd7 9. a4 Nf6 10. Kh1 Be7 11. f4 Nxd4 12. Qxd4 Bc6 13. Be3 O-O 14. Qc4 Rac8 15.
Qe2 Qb8 16. g4 b5 17. axb5 axb5 18. g5 Nd7 19. b4 Bd8 20. f5 exf5 21. Rxf5 Bb6
22. Bxb6 Qxb6 23. Rd1 Ne5 24. Rxd6 Nc4 25. Nd5 Qa7 26. Nf6+ Kh8 27. Qh5 gxf6
28. Rdxf6 Qa1+ 29. Rf1 Qe5 30. R1f5 Qa1+ 31. Rf1 Qe5 32. R1f5 1/2-1/2

[Event "España ch Universitario 2005"]
[Site "Granada ESP"]
[Date "2005.05.10"]
[Round "6.1"]
[White "Kurajica, Mladen"]
[Black "Camarena Gimenez, Rufino"]
[Result "1/2-1/2"]
[WhiteElo "2225"]
[BlackElo "2376"]
[PlyCount "46"]
[EventDate "2005.05.09"]
[EventType "swiss"]
[EventRounds "9"]
[EventCountry "ESP"]
[Source "lmi"]
[SourceDate "2005.05.11"]

1. Nf3 d5 2. d4 c6 3. c4 Nf6 4. Nbd2 g6 5. g3 Bg7 6. Bg2 O-O 7. O-O b6 8. Ne5
Bb7 9. Ndf3 Nbd7 10. cxd5 cxd5 11. Bf4 Nxe5 12. Nxe5 Nd7 13. Ng4 Rc8 14. Bh6
Bxh6 15. Nxh6+ Kg7 16. Ng4 h5 17. Ne3 e6 18. Qd2 Qe7 19. Bf3 Rc7 20. Rac1 Rfc8
21. Rxc7 Rxc7 22. Rc1 Rxc1+ 23. Qxc1 Nf6 1/2-1/2

[Event "España ch Universitario 2005"]
[Site "Granada ESP"]
[Date "2005.05.10"]
[Round "6.2"]
[White "Llanes Hurtado, Miguel"]
[Black "Paredes Cordo, Jacobo"]
[Result "1-0"]
[WhiteElo "2409"]
[BlackElo "2182"]
[PlyCount "67"]
[EventDate "2005.05.09"]
[EventType "swiss"]
[EventRounds "9"]
[EventCountry "ESP"]
[Source "lmi"]
[SourceDate "2005.05.11"]

1. d4 f5 2. g3 Nf6 3. Bg2 g6 4. Nf3 Bg7 5. c4 O-O 6. b4 d6 7. Bb2 c6 8. O-O Kh8
9. Nbd2 Be6 10. Qc2 Qc7 11. Ne1 Nbd7 12. Nd3 Rae8 13. a4 Bf7 14. c5 g5 15. b5
dxc5 16. bxc6 cxd4 17. Nb4 bxc6 18. Nxc6 Bd5 19. Nxd4 Qxc2 20. Nxc2 Bxg2 21.
Kxg2 e5 22. Ne3 Nh5 23. Rfc1 f4 24. Nd5 Rc8 25. Ne4 h6 26. Ba3 Rxc1 27. Rxc1
Ra8 28. Rc7 Nb6 29. Ndc3 Nf6 30. Nxf6 Bxf6 31. a5 Bd8 32. axb6 Bxc7 33. bxc7
Rc8 34. Bd6 1-0